Language Quiz

Random Language Quiz
Score 0/39 Timer 08:00
0 Plays Today
Hint Answer % Correct
cane, cookiesugar
85.7%
row, valleydeath
85.7%
certificate, controlbirth
85.7%
doctor, huntwitch
85.7%
social, coneice cream
71.4%
stunt, photospublicity
71.4%
domain, relationspublic
71.4%
mash, truckmonster
71.4%
butter, gallerypeanut
71.4%
key, bedroommaster
71.4%
blocks, soupalphabet
57.1%
guardian, tenderlegal
57.1%
gallery, starshooting
57.1%
button, attackpanic
57.1%
gin, candycotton
57.1%
pedal, giantgas
57.1%
boom, bluebaby
57.1%
method, calculatorscientific
57.1%
glory, starmorning
42.9%
circle, jamtraffic
42.9%
Hint Answer % Correct
car, drinksports
42.9%
mix, powderbaking
42.9%
sandwich, sodaclub
42.9%
irony, exitdramatic
28.6%
sense, policefashion
28.6%
actor, recognitionvoice
28.6%
samurai, Jewwandering
28.6%
fund, doorrevolving
28.6%
school, bestSunday
28.6%
round, buglightning
28.6%
rat, gratesewer
28.6%
gun, stickglue
28.6%
manager, horizonevent
28.6%
surface, slopeslippery
28.6%
liberty, ownerrightful
14.3%
ingredient, matrixactive, inactive
14.3%
arts, barrierlanguage
14.3%
update, barstatus
14.3%
time, religioneastern
14.3%
Come Together.
Have Fun.
All Virtual.
We all need to come together. Play Sporcle's virtual live trivia to have fun, connect with people, and get your trivia on. Join a live hosted trivia game for your favorite pub trivia experience done virtually. If a virtual private party is more your thing, go here for details.

You're not logged in!

Compare scores with friends on all Sporcle quizzes.
OR
Log In

Sporcle TV

Today on Sporcle TV


Watch our educational content, quiz creation guides, and fun videos on Sporcle TV.

Show Comments

Extras

Created Mar 31, 2016ReportNominate
Tags:before

Top Quizzes Today


Score Distribution

Paid Content

Your Account Isn't Verified!

In order to create a playlist on Sporcle, you need to verify the email address you used during registration. Go to your Sporcle Settings to finish the process.

Report this User

Report this user for behavior that violates our Community Guidelines.

Details: